La historia de mi vida.

Gespeichert in:
Bibliographische Detailangaben
1. Verfasser: Keller, Helen (autora)
Weitere Verfasser: Ramos Vázquez, Andrés (prólogo), Burgos, Carmen de (traducción), Rice, Aurora (revisión)
Format: Buch
Sprache:Spanisch
Veröffentlicht: Sevilla, España: Renacimiento, 2023.
Schriftenreihe:Biblioteca de la Memoria.
Schlagworte:
Tags: Tag hinzufügen
Keine Tags, Fügen Sie den ersten Tag hinzu!

MARC

LEADER 00000nam a22000007a 4500
003 CL-VaPUC
005 20250407202500.0
008 250324t2023 ||||| |||| 00| 0 spa d
999 |c 447609  |d 447607 
020 |a 978-84-17550-50-9 
040 |c Pontificia Universidad Católica de Valparaíso 
082 |2 22  |a 813.4 KEL 2023 
100 |9 597791  |a Keller, Helen  |e autora 
245 |a La historia de mi vida. 
260 |a Sevilla, España:  |b Renacimiento,  |c 2023. 
300 |a 292 páginas. 
490 |a Biblioteca de la Memoria. 
500 |a c.1-2: Instituto Arcos. 08-01-2025 
583 |c 20250324  |k Yessy Sthefany Diaz Vidal 
600 0 |9 597791  |a Keller, Helen  |v Autobiografía  |x Activista y escritora sordociega 
650 0 |9 265217  |a Novelas estadounidenses  |x Personas sordociegas  |y Siglo 19 
650 0 |9 317168  |a Literatura estadounidense  |x Discapacidad visual y auditiva 
700 |9 897401  |a Ramos Vázquez, Andrés  |e prólogo 
700 |9 505027  |a Burgos, Carmen de  |e traducción 
700 |9 897402  |a Rice, Aurora  |e revisión 
942 |2 ddc  |c BK  |n 0 
952 |0 0  |1 0  |2 ddc  |4 0  |6 813_400000000000000_KEL_2023  |7 0  |8 A  |9 601815  |a BIBINC  |b BIBINC  |d 2025-03-24  |e Instituto Arcos  |i 5666675  |o 813.4 KEL 2023  |p 5666675  |r 2025-03-24  |t 1  |w 2025-03-24  |y BK  |k IFP 
952 |0 0  |1 0  |2 ddc  |4 0  |6 813_400000000000000_KEL_2023  |7 0  |8 A  |9 601816  |a BIBINC  |b BIBINC  |d 2025-03-24  |e Instituto Arcos  |i 5666676  |o 813.4 KEL 2023  |p 5666676  |r 2025-03-24  |t 2  |w 2025-03-24  |y BK  |k IFP